Newfoundland Premiers - Statistics

General Stats
  • This quiz has been taken 9 times
  • The average score is 17 of 42
Answer Stats
Dates Party Affiliation Answer % Correct
2020-Present Liberal Andrew Furey
100%
2003-2010 Progressive Conservative Danny Williams
100%
2015-2020 Liberal Dwight Ball
100%
1949-1972 Liberal Joey Smallwood
100%
2000-2001 (Interim) Liberal Beaton Tulk
86%
1979-1989 Progressive Conservative Brian Peckford
86%
1996-2000 Liberal Brian Tobin
86%
1989-1996 Liberal Clyde Wells
86%
1972-1979 Progressive Conservative Frank Moores
86%
2010-2014 Progressive Conservative Kathy Dunderdale
86%
2014-2015 Progressive Conservative Paul Davis
86%
2001-2003 Liberal Roger Grimes
71%
2014 (Interim) Progressive Conservative Tom Marshall
71%
1989 Progressive Conservative Tom Rideout
71%
1897-1900 Tory James Winter
43%
1917-1918 People's Party John Crosbie
43%
1946-1949 (Chairman) Non-Partisan Gordon MacDonald
29%
1855-1858 Liberal Philip Little
29%
1900-1909 Liberal Robert Bond
29%
1924 (Caretaker) Liberal-Progressive Albert Hickman
14%
1894 Tory August Goodridge
14%
1870-1874 Anti-Confederation Charles Fox Bennett
14%
1894-1895 Liberal Daniel Greene
14%
1909-1917 People's Party Edward Morris
14%
1932-1934 (2nd) United Newfoundland Frederick Alderdice
14%
1928 (1st) Liberal-Conservative Frederick Alderdice
14%
1874-1878 (2nd) Conservative Frederick Carter
14%
1865-1870 (1st) Conservative Frederick Carter
14%
1861-1865 Conservative Hugh Hoyles
14%
1936-1946 (Chairman) Non-Partisan Humphrey Walwyn
14%
1858-1861 Liberal John Kent
14%
1919 People's Party Michael Cashin
14%
1928-1932 (2nd) Liberal Richard Squires
14%
1919-1923 (1st) Liberal-Reform Richard Squires
14%
1924-1928 Liberal-Conservative Walter Monroe
14%
1918-1919 Liberal-Reform William Lloyd
14%
1923-1924 Liberal-Reform William Warren
14%
1895-1897 (3rd) Liberal William Whiteway
14%
1889-1894 (2nd) Liberal William Whiteway
14%
1878-1885 (1st) Conservative William Whiteway
14%
1934-1935 (Chairman) Non-Partisan David Anderson
0%
1885-1889 Reform Robert Thornburn
0%
No matching quizzes found
Score Distribution
Percent of People with Each Score
Percentile by Number Answered
Your Score History
You have not taken this quiz